| 000 | 00893cam a2200229 4500 | ||
|---|---|---|---|
| 001 | J109245 | ||
| 008 | 000000n2000 000 0 eng u | ||
| 035 | _a(Sirsi) u109245 | ||
| 050 | _a333.337 | ||
| 110 |
_aCB Hillier Parker _93660 |
||
| 245 | 2 | _aA guide to the CB Hiller parker rent and yield monitor : rent index and average yields | |
| 260 |
_aLondon _bCB Hiller Parker _c2000 |
||
| 300 | _a4p. ; 30cm. | ||
| 520 | _aCB Hiller Parker are no longer producing separate indices for Rents and yields instead a combined report 'Rent and Yield Monitor'. This is a guide to how the new figures are calculated, including definitions of terms and index construction methodology. | ||
| 650 | _aHILLIER PARKER AVERAGE YIELD INDEX | ||
| 650 | _aHILLIER PARKER RENT INDEX | ||
| 650 | _aINDICES | ||
| 650 | _aUSERS GUIDE | ||
| 650 | _aDEFINITIONS | ||
| 650 | _aCALCULATIONS | ||
| 942 | _n0 | ||
| 999 |
_c100914 _d100914 |
||